000 00654nam a2200241Ia 4500
003 OSt
005 20221007101336.0
006 a|||||r|||| 00| 0
007 ta
008 221006b |||||||| |||| 00| 0 eng d
024 _a6,280
037 _cTextual
040 _aLCO
_cLCO
_beng
041 _2eng
_aeng
082 _aX:954ObV2:2, L3
100 _aNAIR N NARAYANAN
_9702877
245 0 _aCivil servant under Law and Constitution.
260 _aTrivandrum
_bAcademy of Legal Pub.
_c1973
300 _a422
650 _aCONSTITUTION
942 _hX:954ObV2:2, L3
_cTEXL
999 _c1175843
_d1175843